000 00409nam a2200157Ia 4500
008 230917s9999||||xx |||||||||||||| ||und||
040 _e231740
_aMAIN
041 _aEnglish
082 _a547.139 K127O(3)
100 _aKalsi, P S
245 0 _aOrganic reactions and their mechanisms
250 _a3rd rev. ed.
260 _aNew Delhi
_bNew Age International
_c2015
300 _axxi, 693 p.
942 _cBK
999 _c168245
_d168245